00359nam a2200133 a 45000010010000000030011000100080041000210350026000620820015000881000023001032450034001262600054001606500011002140000-8562ELIB.Books110520 2006  a(ELIB.Books)0000-8708 aM.Div bSu aSu Mar Thaung, Naw aThe Victory of Jews in Esther bInsein: Karen Baptist Theological Seminary c2006 aThesis